Camera power Proof, policing, privacy and audiovisual big data
Saved in:
| Main Author: | |
|---|---|
| Format: | Book |
| Language: | English |
| Published: |
Cambridge University Press
2019
|
| Tags: |
Add Tag
No Tags, Be the first to tag this record!
|
MARC
| LEADER | 00000nam a22000007a 4500 | ||
|---|---|---|---|
| 008 | 231103b |||||||| |||| 00| 0 eng d | ||
| 020 | |a 9781108418553 | ||
| 100 | |a FAN, Mary | ||
| 245 | |a Camera power |b Proof, policing, privacy and audiovisual big data |c /Mary D. Fan |g xv, 261p | ||
| 260 | |b Cambridge University Press |c 2019 |h New York |i 700188 |i 700189 |l HV814.F23 |m Police misconduct-United States |m Police-community relations-United States |m Video surveillance-United States |m Civil rights- United States | ||
| 500 | |a it includes index | ||
| 942 | |a lcc |c BK |e Johnson |f 03/11/23 | ||
| 952 | |0 0 |1 0 |2 lcc |4 0 |6 HV0814 F23 |7 0 |9 4617 |a SSL |b HOL |c GJ |d 2023-11-03 |l 0 |o HV814.F23 |p 2023-0536 |r 2023-11-03 00:00:00 |t 700188 |w 2023-11-03 |y BK | ||
| 952 | |0 0 |1 0 |2 lcc |4 0 |6 HV0814 F23 |7 0 |9 4618 |a HOL |b HOL |c GJ |d 2023-11-03 |l 0 |o HV814.F23 |p 2023-0537 |r 2023-11-03 00:00:00 |t 700189 |w 2023-11-03 |y BK | ||
| 999 | |c 2315 |d 2315 | ||